JOURNAL OF PUBLIC AND INTERNATIONAL LAW {ABUJPIL} (Record no. 43664)

MARC details
003 - CONTROL NUMBER IDENTIFIER
control field 43684
005 - DATE AND TIME OF LATEST TRANSACTION
control field 20251003205431.0
008 - FIXED-LENGTH DATA ELEMENTS--GENERAL INFORMATION
fixed length control field 251003b |||||||| |||| 00| 0 eng d
022 ## - INTERNATIONAL STANDARD SERIAL NUMBER
Source 24889970
040 ## - CATALOGING SOURCE
Transcribing agency Nile University of Nigeria. Abuja
Description conventions rda
050 ## - LIBRARY OF CONGRESS CALL NUMBER
Classification number K 60 A3
082 ## - DEWEY DECIMAL CLASSIFICATION NUMBER
Classification number K 60 A3
245 ## - TITLE STATEMENT
Title JOURNAL OF PUBLIC AND INTERNATIONAL LAW {ABUJPIL}
250 ## - EDITION STATEMENT
Edition statement Vol.8,march ,2018
260 ## - PUBLICATION, DISTRIBUTION, ETC. (IMPRINT)
Place of publication, distribution, etc Abuja
Name of publisher, distributor, etc Clear Resolution
Date of publication, distribution, etc 2018
264 ## - PUBLICATION, DISTRIBUTION, ETC. (IMPRINT)
Place of publication, distribution, etc Abuja
Name of publisher, distributor, etc Clear Resolution
Date of publication, distribution, etc 2018
300 ## - PHYSICAL DESCRIPTION
Other physical details vi, 257pg,., 30 cm.
336 ## - CONTENT TYPE
Source rdacontent
338 ## - CARRIER TYPE
Source rdacarrier
942 ## - ADDED ENTRY ELEMENTS (KOHA)
Source of classification or shelving scheme Library of Congress Classification
Koha item type JOURNALS
Holdings
Withdrawn status Lost status Source of classification or shelving scheme Damaged status Not for loan Permanent Location Current Location Shelving location Date acquired Total Checkouts Date last seen Price effective from Koha item type
    Library of Congress Classification     Law Library Law Library Items on shelf 02/13/2019   10/03/2025 10/03/2025 JOURNALS
    Library of Congress Classification     Law Library Law Library Items on shelf 02/13/2019   10/03/2025 10/03/2025 JOURNALS
    Library of Congress Classification     Law Library Law Library Items on shelf 02/13/2019   10/03/2025 10/03/2025 JOURNALS